Religion by Letter - C - Statistics

General Stats
  • This quiz has been taken 284 times
    242 since last reset
  • The average score is 15 of 20
Answer Stats
Hint Answer % Correct
Most sacred animal in Hinduism Cow
97%
Social structure of the Indian society {Caste} System
93%
Chinese philosopher who founded a religion in c. 500 BC Confucius
91%
Medieval Christian attempts to capture the Holy Land Crusades
91%
Most Buddhist country Cambodia
88%
Adam and Eve's firstborn Cain
86%
World's most irreligious country China
86%
Islamic symbol on Turkey's flag Crescent
86%
City whose archbishop is the leader of the Church of England Canterbury
84%
Person who votes to elect the pope Cardinal
81%
Druids were priests to this group Celt
80%
Term for a change of religion Conversion
80%
Practice done on Jewish or Muslim male babies Circumcision
79%
Term for an Egyptian Christian Copt
79%
To officially declare someone to be a Catholic saint Canonize
78%
Title of supreme Islamic leaders who succeeded Mohammed Caliph
70%
French theologian for whom a branch of Christianity is named John Calvin
68%
Another name for "Eucharist" Communion
54%
English term for a religious leader Clerics
27%
Vietnamese new religious movement Cao Dai
16%
No matching quizzes found
Score Distribution
Percent of People with Each Score
Percentile by Number Answered
Your Score History
You have not taken this quiz since the last reset